000 00760nam a22001577a 4500
999 _c63621
_d63621
003 Ge_BSU
005 20251117155340.0
008 251117s1961 ge ||||| |||| 00| 0 geo d
041 _ageo
080 _a31:338(479.223) ს-13
245 _aსაბჭოთა აჭარის 40 წელი :
_bსტატისტიკური კრებული /
_c სსრკ ცსს აჭარის ასსრ სტატისტიკ. სამმართველო.
264 _aბათუმი :
_bსახსტატგამ-ბა,
_c1961.
300 _a164 გვ. :
_b21 ფ. ილ. ;
_c20 სმ.
653 _aაჭარის ეკონომიკური სტატისტიკა.
942 _2udc
_cᲬᲘᲒᲜᲘ